| 000 | 00000nam##2200000za#4500 |
| 001 | 9.558028 |
| 003 | CaOODSP |
| 005 | 20210624172200 |
| 007 | cr ||||||||||| |
| 008 | 150406|2001||||xxc|||||o f|0| 0 eng|d |
| 020 | |a0-662-31454-9 |
| 040 | |aCaOODSP|beng |
| 043 | |an-cn--- |
| 086 | 1 |aH113-12/2001-1E-IN |
| 110 | 1 |aCanada. |bPest Management Regulatory Agency. |
| 245 | 10|aDi-n-propyl isocinchomeronate (MGK Repellent 326) |h[electronic resource] |
| 260 | |aOttawa - Ontario : |bHealth Canada. |cDecember 12, 2001. |
| 300 | |a5p.|btable |
| 490 | 1 |aRe-evaluation decision document |vRRD 2001-01 |
| 590 | |a12-01-Supp|b2012-01-13 |
| 775 | 08|tIsocinchoméronate de di-n-propyle (MGK Repellent 326) |w(CaOODSP)9.591006 |
| 776 | 0#|tDi-n-propyl isocinchomeronate (MGK Repellent 326) |w(CaOODSP)9.615844 |
| 830 | #0|aRe-evaluation decision document ;|vRRD 2001-01|w(CaOODSP)9.504451 |
| 856 | 40|ahttp://publications.gc.ca|qPDF|s51 KB|uhttps://publications.gc.ca/collections/Collection/H113-12-2001-1E.pdf|yRRD 2001-01 |